Biblioteca

God is the Gospel (Registro nro. 64563)

Detalles MARC
000 -LÍDER
Campo fijo de descripción fija 01952nam a22003734i 4500
001 - NÚMERO DE CONTROL
Campo de control 650259
003 - IDENTIFICADOR DEL NÚMERO DE CONTROL
Campo de control CO-MdFUSB
005 - FECHA Y HORA DE LA ULTIMA TRANSACCIÓN
control field 20190202100355.0
008 - ELEMENTOS DE LONGITUD FIJA -- INFORMACIÓN GENERAL
Campo fijo de descripción fija -- Información general 050520s2005 ilu b 001 0 eng
010 ## - NÚMERO DE CONTROL DE LA BIBLIOTECA DEL CONGRESO
Número de control LC 2005014843
020 ## - NÚMERO INTERNACIONAL NORMALIZADO PARA LIBROS
Número Internacional Normalizado del libro 1581347510 (hc : alk. paper)
020 ## - NÚMERO INTERNACIONAL NORMALIZADO PARA LIBROS
Número Internacional Normalizado del libro 9781581347517 (hc : alk. paper)
040 ## - FUENTE DE CATALOGACIÓN
Agencia de catalogación original DLC
Agencia que realiza la modificación BAKER
-- PRP
-- BTCTA
Idioma de catalogación spa
Agencia que realiza la transcripción CO-MdFUSB
Convenciones de la descripción rda
041 ## - CÓDIGO DE IDIOMA
Código de idioma para texto/pista de sonido o título separado eng
049 ## - LOCAL HOLDINGS (OCLC)
Holding library PTSS
082 00 - NÚMERO DE CLASIFICACIÓN DECIMAL DEWEY
Número de clasificación 231.6
Número de la edición del Dewey 23
Clave de autor-Numero de item P665
100 1# - ASIENTO PRINCIPAL--NOMBRE PERSONAL
Nombre personal Piper, John,
Fechas asociadas con el nombre 1946-
Término relacionador autor
245 10 - TÍTULO
Título del Material God is the Gospel
Parte restante del título - Subtitulo : meditations on God's love as the gift of himself
Mención de responsabilidad, etc. / John Piper
264 #1 - PRODUCCIÓN, PUBLICACIÓN, DISTRIBUCIÓN, MANUFACTURA, Y COPYRIGHT
Lugar de producción, publicación, distribución, manufactura Wheaton, Illions USA :
Nombre del productor, publicador, distribuidor Crossway Books,
Fecha de producción, publicación, distribución, manufactura, o copyright ℗[2005]
264 #4 - PRODUCCIÓN, PUBLICACIÓN, DISTRIBUCIÓN, MANUFACTURA, Y COPYRIGHT
Fecha de producción, publicación, distribución, manufactura, o copyright ©2005
300 ## - DESCRIPCIÓN FÍSICA
Extensión 190 páginas ;
Dimensiones 21 cm.
336 ## - TIPO DE CONTENIDO
Fuente rdacontent
Término de tipo de contenido texto
Código de tipo de contenido txt
337 ## - TIPO DE MEDIO
Fuente rdamedia
Nombre del tipo de medio sin mediación
Código del tipo de medio n
338 ## - TIPO DE SOPORTE
Fuente rdacarrier
Nombre del tipo de soporte volumen
Código Tipo de soporte nc
505 0# - NOTA DE CONTENIDO
Nota de contenido con formato preestablecido Lo que el mundo más necesita: el don más grande del Evangelio, Dios - El Evangelio: proclamación y explicación -- El Evangelio: el alcance bíblico de su significado -- El Evangelio: "¡He aquí tu Dios!" -- El Evangelio: la gloria de Cristo, la imagen de Dios -- El Evangelio: confirmado por su gloria, el testimonio interno del Espíritu Santo -- El Evangelio: la gloria de Cristo en el evangelismo, las misiones y la santificación -- El Evangelio: la gloria de la alegría de Dios -- El Evangelio: la gloria de Cristo como el fundamento de Cristo, la contrición exaltante -- El Evangelio: el don de Dios mismo sobre y en todos sus dones salvadores y dolorosos -- El Evangelio: el regalo de Dios mismo y en todos sus agradables regalos -- El Evangelio: ¿Qué lo hace finalmente bueno, viendo la gloria o siendo glorioso?
563 ## - NOTA DE ENCUADERNACIÓN
Nota de encuadernación Tapa dúra
650 #7 - ASIENTO SECUNDARIO DE MATERIA - TERMINO TEMÁTICO
Término temático o nombre geográfico como elemento de entrada Dios
Fuente del encabezamiento o término
9 (RLIN) 178
650 #7 - ASIENTO SECUNDARIO DE MATERIA - TERMINO TEMÁTICO
Término temático o nombre geográfico como elemento de entrada Amor
9 (RLIN) 366
856 41 - LOCALIZACIÓN Y ACCESO ELECTRÓNICOS
Identificador Uniforme del Recurso <a href="http://www.loc.gov/catdir/toc/ecip0513/2005014843.html">http://www.loc.gov/catdir/toc/ecip0513/2005014843.html</a>
942 ## - TIPO DE MATERIAL (KOHA)
Tipo de Item KOHA Libros General
Existencias
Estado de Material Estado de Perdido Forma de Clasificación Estado de Dañado No para Préstamo Colección Biblioteca de Origen Biblioteca Permanente Fecha de Adquisición Total de Préstamos Signatura Topográfica Código de Barras Última vez visto Ejemplar/Existencia Fecha de Remplazo Tipo de Material
    Dewey Decimal Classification     Colección General Biblioteca FUSBC Biblioteca FUSBC 24/09/2018   G 231.6 P665g 1571 12/12/2019 Ej. 1 24/09/2018 Libros General

Biblioteca FUSBC | Teléfono: (57+4) 349 88 10 Ext. 141| WhatsApp (+57) 3005338115 
E-mail: biblioteca@unisbc.edu.co | Calle 76 87-14 Robledo Palenque, Medellín, Colombia

Con tecnología Koha